| 000 | 00752nam a22002417a 4500 | ||
|---|---|---|---|
| 999 |
_c90303 _d90303 |
||
| 005 | 20230317150226.0 | ||
| 010 | _a1516EN07 ENG-111378 ENG-136362 | ||
| 020 |
_a9789351432555 _c595.00 |
||
| 035 | _aEN-94910 | ||
| 035 | _aEN-119894 | ||
| 037 | _bDBAD/PUB | ||
| 037 |
_bUBH/vn. _adpl |
||
| 082 | _a343.095403 | ||
| 100 | _aLal,Ratan | ||
| 245 |
_aCriminal procedure code / _cby Ratanlal and Dhirajlal |
||
| 260 |
_aGurgaon _bLexis Nexis _c2014 |
||
| 270 |
_a14th Floor, Building No.10, Tower-B, DLF Cyber City, Phase-II _bGurgaon _e122002 |
||
| 300 |
_acxii, 903p. _c24cm(pbk) |
||
| 490 | _aQuick reference guide | ||
| 700 | _aDhirajlal | ||
| 942 |
_2ddc _cEN _h343.095403 _mCRI |
||